Personnage My Hero Academia - Statistics

General Stats
  • This quiz has been taken 136 times
    69 since last reset
  • The average score is 55 of 163
Answer Stats
# Personnage % Correct
2 Bakugo Katsuki
98%
1 Midoriya Izuku
98%
115 2nd user (One For All)
94%
116 3rd user (One For All)
94%
160 Bakugo Mitsuki
94%
3 Todoroki Shoto
92%
129 Dabi
90%
8 Uraraka Ochaco
88%
19 Mineta Minoru
86%
53 Aizawa Shota
84%
11 Kirishima Eijiro
84%
7 Lida Tenya
84%
52 All Might
82%
5 Ashido Mina
82%
10 Kaminari Denki
82%
20 Yaoyorozu Momo
82%
6 Asui Tsuyu
78%
107 En
78%
15 Jiro Kyoka
78%
130 Toga Himiko
78%
72 Endeavor
76%
123 All For One
74%
139 High End
72%
163 Tokoroki Rei
68%
16 Sero Hanta
68%
41 Togata Mirio
68%
124 Shigaraki Tomura
66%
17 Tokoyami Fumikage
66%
156 Eri
64%
18 Hagakure Toru
64%
54 Present Mic
64%
131 Twice
64%
4 Aoyama Yuga
62%
60 Midnight
62%
82 Mount Lady
60%
14 Shoji Mezo
60%
73 Hawks
58%
12 Koda Koji
58%
13 Sato Rikido
58%
43 Hamajiki Tamaki
56%
161 Todoroki Fuyumi
56%
55 Cementos
54%
42 Hado Nejire
54%
38 Monoma Neito
54%
108 Shimura Nana
54%
74 Best Jeanist
52%
33 Tetsutetsu Tetsutetsu
52%
141 Chisaki Kai
50%
132 Spinner
50%
157 Izumi Kota
48%
93 Lock Lock
48%
9 Ojiro Mashirao
48%
120 Stain
48%
61 Gran Torino
46%
144 Nemoto Shin
46%
125 Black Mist
44%
44 Shinso Hitoshi
44%
102 Sir Nighteye
42%
76 Mirko
40%
133 Mr. Compress
40%
47 Nezu
38%
159 Midoriya Inko
36%
83 Fat Gum
34%
80 Gang Orca
34%
151 Lady Nagant
34%
25 Kendo Itsuka
32%
63 Shindo Yo
32%
57 Ectoplasm
30%
121 Gentle Criminal
30%
45 Hatsume Mei
30%
75 Edgeshot
28%
35 Fukidashi Manga
28%
51 Hound Dog
28%
135 Muscular
28%
59 Vlad King
28%
78 Wash
28%
85 Mandalay
26%
28 Shiozaki Ibara
26%
145 Rappa Kendo
24%
146 Re-Destro
24%
56 Snipe
24%
126 Gigantomachia
22%
36 Honenuki Juzo
22%
84 Manual
22%
62 Miss Joke
22%
48 Recovery Girl
22%
138 Brainless
20%
104 Bubble Girl
20%
50 Numéro 13
20%
162 Todoroki Natsuo
20%
31 Tsunotori Pony
20%
67 Yoarashi Inasa
20%
22 Kaibara Sen
18%
27 Komori Kinoko
18%
127 Kyudai Garaki
18%
122 Love Lover
18%
134 Magnet
18%
97 Mandalay
18%
70 Utsushimi Camie
18%
103 Centipede
16%
99 Ingenium
16%
26 Kodai Yui
16%
136 Mustard
16%
86 Pixie-Bob
16%
100 Ragdoll
16%
94 Selkie
16%
39 Yanagi Reiko
16%
21 Awase Yosetsu
14%
77 Dieu Sylvestre
14%
92 Gun Head
14%
24 Kuroiro Shihai
14%
137 Moonfish
14%
40 Rin Hiryu
14%
79 Ryukyu
14%
29 Shishida Jurota
14%
37 Bondo Kojiro
12%
113 Burnin
12%
90 Crimson Riot
12%
106 Death Arms
12%
23 Kamakiri Togaru
12%
118 Lariat
12%
58 Power Loader
12%
30 Shoda Nirengeki
12%
149 Skeptic
12%
34 Tokage Setsuna
12%
32 Tsuburaba Kosei
12%
110 Crust
10%
49 Lunch Rush
8%
114 Shigaraki Yoichi
8%
69 Shishikura Seiji
8%
88 Air-Jet
6%
91 Fourth Kind
6%
68 Mora Nagamasa
6%
117 Shinomori Hikage
6%
81 Shishido
6%
95 Sliding Go
6%
87 | 98 Tora
6%
153 Tsukauchi Naomasa
6%
89 Backdraft
4%
142 Chronostasis
4%
128 Giran
4%
71 Intelli Saiko
4%
46 Kenranzaki Bibimi
4%
112 Majestic
4%
105 Musha Yoroi
4%
111 Redskin
4%
101 Sirius
4%
109 Snatch
4%
152 Tsuragamae Kenji
4%
96 Uwabami
4%
155 Yokumiru Mera
4%
150 Apocrypha
2%
147 Curious
2%
140 Johnny
2%
65 Makabe Shikkui
2%
143 Mimic
2%
64 Nakagame Tatami
2%
154 Tamakawa Sansa
2%
158 Tameda Hiroshi
2%
66 Toteki Itejiro
2%
119 Hedoro Vilain
0%
148 Trumpet
0%
No matching quizzes found
Score Distribution
Percent of People with Each Score
Percentile by Number Answered
Your Score History
You have not taken this quiz since the last reset